90-Second Maths Sprint - Statistics

General Stats
  • This quiz has been taken 8,408 times
  • The average score is 14 of 21
Answer Stats
Hint Answer % Correct
+ 36 72
99%
G x 50 8
88%
A / 9 108
86%
- 4 12
86%
- 244 400
85%
L + 8 156
82%
x 2 164
82%
T - 108 328
80%
/ 4 220
78%
55 x 2 55
74%
R + 48 110
70%
- 60 158
68%
x 2 98
68%
E + 15 196
64%
x 5 211
59%
E - 155 1055
55%
N + 38 30
52%
/ 30 900
52%
/ 2 68
48%
C 34
47%
RECTANGLE
26%
No matching quizzes found
Score Distribution
Percent of People with Each Score
Percentile by Number Answered
Your Score History
You have not taken this quiz